smash character move names - Statistics

General Stats
  • This quiz has been taken 18 times
  • The average score is 9 of 15
Answer Stats
move character % Correct
water gun squirtle
100%
ribbon dance peach
77%
jolt haymaker little mac
69%
batter up! ness
69%
p'tooie piranha plant
69%
dragon killer marth
62%
raptor boost falcon
54%
squish kick kirby
54%
spitball sparky Mr game and watch
54%
corkscrew wario
54%
CLEAR! Dr Mario
46%
sobat zero suit samus
46%
slouch slap DK
38%
top spin mega man
38%
gut check k-rool
31%
No matching quizzes found
Score Distribution
Percent of People with Each Score
Percentile by Number Answered
Your Score History
You have not taken this quiz